Metodología de la enseñanza del francés / (Record no. 39778)

MARC details
000 -LEADER
campo de control de longitud fija 00992nam a2200301 i 4500
001 - NÚMERO DE CONTROL
campo de control 39778
003 - IDENTIFICADOR DE NÚMERO DE CONTROL
campo de control ES-MaACL
005 - FECHA Y HORA DE LA ÚLTIMA TRANSACCIÓN
campo de control 20250824063031.0
007 - CAMPO FIJO DE DESCRIPCIÓN FÍSICA--INFORMACIÓN GENERAL
campo de control de longitud fija t|
008 - DATOS DE LONGITUD FIJA--INFORMACIÓN GENERAL
campo de control de longitud fija 030304s1980 sp ||||1| spa d
017 ## - NÚMERO DE COPYRIGHT O DE DEPÓSITO LEGAL
Número de copyright o de depósito legal M 29616-1980
Agencia que asigna Oficina Depósito Legal Madrid
020 ## - NÚMERO INTERNACIONAL ESTÁNDAR DEL LIBRO
Número Internacional Estándar del Libro 84-207-2007-0
080 ## - NÚMERO DE LA CLASIFICACIÓN DECIMAL UNIVERSAL
Número de la Clasificación Decimal Universal 804.0:37.02
080 ## - NÚMERO DE LA CLASIFICACIÓN DECIMAL UNIVERSAL
Número de la Clasificación Decimal Universal 37.02:804.0
100 1# - ENTRADA PRINCIPAL--NOMBRE DE PERSONA
Nombre de persona Cantera, Jesús
Fechas asociadas al nombre 1923-2017
Término indicativo de función/relación Autor
9 (RLIN) 34641
245 10 - MENCIÓN DEL TÍTULO
Título Metodología de la enseñanza del francés /
Mención de responsabilidad, etc. Jesús Cantera, Eugenio de Vicente
260 ## - PUBLICACIÓN, DISTRIBUCIÓN, ETC.
Lugar de publicación, distribución, etc. Madrid :
Nombre del editor, distribuidor, etc. Anaya,
Fecha de publicación, distribución, etc. 1980
300 ## - DESCRIPCIÓN FÍSICA
Extensión 140 páginas ;
Dimensiones 22 cm
490 1# - MENCIÓN DE SERIE
Mención de serie Ciencias de la educación (Anaya)
RLIN 231470
500 ## - NOTA GENERAL
Nota general Índice
650 #7 - PUNTO DE ACCESO ADICIONAL DE MATERIA--TÉRMINO DE MATERIA
Término de materia o nombre geográfico como elemento de entrada Lengua francesa-
Subdivisión general Estudio y enseñanza
9 (RLIN) 168223
700 1# - ENTRADA AGREGADA--NOMBRE PERSONAL
Nombre de persona Vicente, Eugenio de
Término indicativo de función/relación Autor
9 (RLIN) 114334
830 #0 - PUNTO DE ACCESO ADICIONAL DE SERIE-TÍTULO UNIFORME
Título uniforme Ciencias de la educación (Anaya)
9 (RLIN) 231470
852 4# - LOCALIZACIÓN
Ubicación ES-MaACL
Sublocalización o colección R.100942
Ubicación en estantería Depósito 2
Número de control de estantería L-453
942 ## - ELEMENTOS DE ENTRADA SECUNDARIOS (KOHA)
Fuente del sistema de clasificación o colocación Clasificación decimal universal
Tipo de ítem Koha Libro impreso
Suprimir en OPAC No
Holdings
Estatus retirado Estado de pérdida Estado de daño No para préstamo Biblioteca de origen Biblioteca actual Ubicación en estantería Fecha de adquisición Fuente de adquisición Total de préstamos Signatura topográfica completa Código de barras Visto por última vez Precio de reemplazo Tipo de ítem Koha
        Biblioteca del Ateneo de Madrid Biblioteca del Ateneo de Madrid Depósito 2 17/01/2008     L-453 1041889 23/02/2023 23/02/2023 Libro impreso